Salud es sin encierros / (Registro nro. 1014)

Detalles MARC
000 -LEADER
fixed length control field 00656nam a2200205 a 4500
008 - CAMPO DE CONTROL (LIBRO)
fixed length control field 111116t2009 ag ||||| |||| 00| 0 spa d
020 ## - INTERNATIONAL STANDARD BOOK NUMBER
ISBN S/N
041 ## - CODIGO DE IDIOMA
Código de idioma del texto/pista de sonido o título separado spa
092 ## - SIGNATURA TOPOGRAFICA DEWEY LOCAL
número de clasificación 616.89
libristica 66
sección PEL
100 1# - ENTRADA PRINCIPAL--NOMBRE PERSONAL
Nombre personal Pellegrini, Jorge Luis
9 (RLIN) 1633
245 ## - TITULO PROPIAMENTE DICHO
Título Salud es sin encierros /
Mención de responsabilidad y remanente de la transcripción de la portada Jorge Luis Pellegrini
250 ## - MENCION DE EDICION
Mención de edición 1a ed.
260 ## - PIE DE IMPRENTA
Lugar de publicación, distribución, etc Buenos Aires:
Nombre de la editorial, distribuidor, etc Polemos;
Fecha de publicación 2009.
300 ## - DESCRIPCION FISICA
Extension 110 p.
500 ## - NOTA GENERAL
Nota general Pellegrini, J. L. (2008). Salud es sin encierros. (2a ed.). San Luis : Polemos.
590 ## - NOTAS LOCALES (RLIN)
Nota local Donación Dr. Jorge Luis Pellegrini. Nov 2011
653 ## - TÉRMINO INDIZADO - PALABRAS CLAVES
Palabra clave Instituciones psiquiátricas
653 ## - TÉRMINO INDIZADO - PALABRAS CLAVES
Palabra clave Porqué legislar en salud mental
942 ## - ADDED ENTRY ELEMENTS (KOHA)
Source of classification or shelving scheme Dewey Decimal Classification
Item type Libros
Existencias
Estado de retiro Existencia Fuente de clasificación Estado general No para prestamo Ubicación permanente ubicación actual Sala de ubicación Fecha de adquisición Total Checkouts Número de clasificación Código de barras Date last seen Número de ejemplar Price effective from Koha tipo de elemento (item)
    Dewey Decimal Classification     Biblioteca Medicina Biblioteca Medicina Circulación 16/11/2011   616.89 66 PEL 2471 06/11/2014 1 16/11/2011 Libros

UNIVERSIDAD NACIONAL DEL COMAHUE
Biblioteca de la Facultad de Ciencias Médicas
Sede Toschi: Los Arrayanes y Av. Toschi, Cipolletti  - Rio Negro
Sede Los Tordos:  Yrigoyen al 2211, Cipolletti - Rio Negro 

Teléfono: 0299 - 4774707 int 25
Contacto: biblioteca@facimed.uncoma.edu.ar
© 2011 - 2026